000
00325nam a22001457a 4500
003
SGT
082
_a
615.53
_b
C09S
100
_a
SENGUPTA, NARENDRANATH
245
_a
CHARAKA SAMHITA
250
_a
3RD
260
_a
DELHI
_b
CHAUKHAMBHA PUB
_c
2009
300
_a
592,1189,2260,3068,3828
650
_a
AYURVEDA
942
_2
ddc
_c
BK
999
_c
15388
_d
15388